Central Library OPAC University of Rajshahi

কাদম্বরী : (Record no. 77306)

MARC details
000 -LEADER
fixed length control field 01273nam a2200265 a 4500
001 - CONTROL NUMBER
control field 77306
003 - CONTROL NUMBER IDENTIFIER
rucl marc code BD-RjUL
005 - DATE AND TIME OF LATEST TRANSACTION
control field 20211209082945.0
008 - FIXED-LENGTH DATA ELEMENTS--GENERAL INFORMATION
fixed length control field 200312s1998 ii ||||| |||| 00| 0 ben d
020 ## - INTERNATIONAL STANDARD BOOK NUMBER
Terms of availability : IRs. 35.00
035 ## - SYSTEM CONTROL NUMBER
System control number (BD-RjUL)77531
040 ## - CATALOGING SOURCE
Original cataloging agency BD-RjUL
Language of cataloging ben
Transcribing agency BD-RjUL
041 ## - LANGUAGE CODE
Language code of text/sound track or separate title ben
082 ## - DEWEY DECIMAL CLASSIFICATION NUMBER
Edition number 23
Classification number 891.23
Author mark and year BAK 1998
100 1# - MAIN ENTRY--PERSONAL NAME
Personal name বাণভট্ট
9 (RLIN) 240798
245 10 - TITLE STATEMENT
Title কাদম্বরী :
Remainder of title (শুকনাসোপদেশঃ) /
Statement of responsibility, etc. বাণভট্ট ; সম্পাদনা: নীরদবরণ ভট্টাচার্য্য ; উপক্রমণিকা: প্রবোধচন্দ্র লাহিড়ী
250 ## - EDITION STATEMENT
Edition statement ৩য় প্রকাশ
260 ## - PUBLICATION, DISTRIBUTION, ETC. (IMPRINT)
Place of publication, distribution, etc. কলিকাতা :
Name of publisher, distributor, etc. সংস্কৃত পুস্তক ভাণ্ডার,
Date of publication, distribution, etc. ১৯৯৮ (১৪০৫ বাং)
300 ## - PHYSICAL DESCRIPTION
Pagination xxiv, ৭৫ পৃ. ;
Illustrations ২২ সেমি.
650 ## - SUBJECT ADDED ENTRY--TOPICAL TERM
Topical term or geographic name as entry element সংস্কৃত উপন্যাস
9 (RLIN) 148001
Topical term or geographic name as entry element Sanskrit Fiction
9 (RLIN) 148002
700 ## - ADDED ENTRY--PERSONAL NAME
Personal name ভট্টাচার্য, নীরদবরণ, সম্পাদক
Personal name লাহিড়ী, প্রবোধচন্দ্র, উপক্রমণিকার
942 ## - ADDED ENTRY ELEMENTS (KOHA)
Source of classification or shelving scheme Dewey Decimal Classification
Koha item type Books
Holdings
Lost status Source of classification or shelving scheme Damaged status Not for loan Collection code Permanent Location Current Location Shelving location Date acquired Source of acquisition Cost, normal purchase price Total Checkouts Full call number Date last seen Date checked out Copy number Koha item type
  Dewey Decimal Classification     Non-fiction Central Library, University of Rajshahi Central Library, University of Rajshahi   16/04/2008 Md. Shafiqur Rahman 35.00 1 B 891.23 BAK 1998 26/10/2023 11/10/2023 C-2 Books